Dilemy slovenského humoru? Slovenské gagy 1997

Bibliographic Details
Main Author: Lacko, Marián (Author)
Format: Article
Language:Slovak
PhysicalDescription:Fotogr. 2
ISSN:0323-2883
Subjects:

MARC

LEADER 00000nab a2200000 a 4500
001 vtls000639118
003 SK-MaSNL
005 20260304093640.0
008 250425c1997 xo 0 slo
015 |a SNBRB19rr/mm-uuuuu 
035 |a CL0639257 
035 |a urn:nbn:sk:snk-abdpqj 
035 |a (urnnbn)urn:nbn:sk:snk:ar-0013t6 
035 |a (uuid)020c37d8-48a0-49a3-b85d-5dc14d6b7c90 
040 |a SNKBUCL  |b slo  |c SNKBUCL  |e AACR2 
041 0 |a slo 
044 |a xo  |c SK 
080 |a 792.091.4.077:792.077(437.6):741.5  |2 1981 
080 |a 792.077(437.6)  |2 1981 
080 |a 741.5  |2 1981 
100 1 |a Lacko, Marián  |4 aut  |9 371881 
245 1 0 |a Dilemy slovenského humoru?  |b Slovenské gagy 1997  |c Marián Lacko 
300 |b Fotogr. 2 
650 0 7 |a Slovenské gagy 1997, Kremnica  |2 snkbucl  |9 901237 
655 7 |a články z novín a časopisov  |2 snkbucl  |9 267496 
773 0 |t Javisko  |g Roč. 29, č. 10 (1997), s. 18-19  |x 0323-2883 
850 |a Slovenská národná knižnica 
852 |a Slovenská národná knižnica 
954 |a odborná, vedecká literatúra pôvodná (slovenská)  |2 lita 
958 |a article19 
958 |a OND 
958 |a SK 
958 |a RK 
958 |a EUIPO 
992 |a RBX 
999 |c 2824002  |d 2825932